Direct Taxes Enquiry Committee: final report, December 1971 (Record no. 489366)

000 -LEADER
fixed length control field 00499cam a22001457a 4500
008 - FIXED-LENGTH DATA ELEMENTS--GENERAL INFORMATION
fixed length control field 180718b1971 xxu||||| |||| 00| 0 eng d
082 ## - DEWEY DECIMAL CLASSIFICATION NUMBER
Classification number L211x54 In2/1971
100 ## - MAIN ENTRY--PERSONAL NAME
Personal name India. Direct Taxes Enquiry Committee
245 ## - TITLE STATEMENT
Title Direct Taxes Enquiry Committee: final report, December 1971
Statement of responsibility, etc. by Ministry of Finance
260 ## - PUBLICATION, DISTRIBUTION, ETC.
Place of publication, distribution, etc. Delhi
Name of publisher, distributor, etc. The Manager of Publications
Date of publication, distribution, etc. 1971
300 ## - PHYSICAL DESCRIPTION
Extent 315+p.
500 ## - GENERAL NOTE
General note Chairman: K.N. Wanchoo
700 ## - ADDED ENTRY--PERSONAL NAME
Personal name India. Ministry of Finance
700 ## - ADDED ENTRY--PERSONAL NAME
Personal name Wanchoo, K.N. (Chairman)
Holdings
Withdrawn status Lost status Damaged status Not for loan Permanent Location Current Location Date acquired Full call number Barcode Date last seen Price effective from Koha item type
        Indian Institute of Public Administration Indian Institute of Public Administration 2018-08-04 L211x54 In2/1971 G11274 2018-08-04 2018-08-04 G

Powered by Koha